Estadísticas para Prueba de Kuwait

Haz click aquí para tomar la prueba!

Estadísticas generales

  • Esta prueba ha sido tomada 476 veces
  • La puntuación promedio es 12 de 17

Estadísticas de respuestas

PistaRespuesta% Correcto
Idioma oficialÁrabe
99%
Países limítrofesArabia Saudita
97%
CapitalKuwait
96%
Países limítrofesIrak
95%
Religión del estadoIslam
93%
Principal exportación de KuwaitPetróleo
93%
Golfo que toca KuwaitGolfo Pérsico
91%
Las mujeres obtuvieron el derecho al ____ en 2005Voto
87%
País del que Kuwait obtuvo su independencia en 1960Reino Unido
84%
Título del monarca kuwaitíEmir
70%
Al menos 960.000 nacionales de este país viven en KuwaitIndia
70%
Moneda de KuwaitDinar
62%
El dictador responsable de la invasión de Kuwait en 1990Sadam Husein
56%
Kuwait fue el primer país en usar robots jockeys en este deporteCarreras
de {camellos}
54%
Amado pájaro nacionalHalcón
48%
Entre los países > 1 millón de personas, Kuwait tiene la tasa más alta de ______, 37,9%.Obesidad
23%
Palabra que se refiere a la forma del lecho de un río seco (Empieza con U)Uadi
16%

Distribución de puntuación

Porcentaje por número respondido

Porcentaje de gente con cada puntuación

Historial de tus puntuaciones

No has tomado esta prueba